| 000 | 00889nas a2200265 i 4500 | ||
|---|---|---|---|
| 001 | 1045 | ||
| 003 | ES-MaACL | ||
| 005 | 20250721062532.0 | ||
| 007 | t| | ||
| 008 | 950801c1891 xxk | | 1 ||ng d | ||
| 245 | 0 | 4 |
_aThe Economic journal _b: the quarterly journal of the Royal Economic Society. |
| 260 |
_aLondon : _bMacmillan and Cº Limited, _c1891- ( _fRichard Clay and Sons) |
||
| 300 |
_a5 v. ; _c25 cm. |
||
| 310 | _aCuatrimestral | ||
| 362 | 0 | _aV. I [1891?]- | |
| 650 | 1 | 7 |
_aEconomía _2embne _912006 |
| 700 | 1 |
_aKeynes, John Maynard ( _d1883-1946) _967979 |
|
| 700 | 1 |
_aMacgregor, D.H. _975147 |
|
| 700 | 1 |
_aHarrod, R.E., _eed. lit. _9227587 |
|
| 700 | 1 |
_aRobinson, A.G., _eed. lit. _9227588 |
|
| 710 | 2 |
_aRoyal Economic Society. _96465 |
|
| 852 |
_aES-MaACL _jHEM-D-157 _xHem-1358 _d |
||
| 866 | 0 | _o1934(1935f.n.178)(1936f.n.183-184),1940,1947. | |
| 999 |
_c1045 _d1045 |
||